000 00671cab a2200205 4500
001 WB2818-23
008 090401t1992 xxu||||| |||| 00| 0 eng d
035 _a(Sirsi) u660
041 _aeng
245 _aPlugging in to computer usage
260 _c1992
350 _a0
490 _aCS Monthly
_bthe Building Surveyor
_v1(8) May 1992, 5(1)
520 _aRICS has joined the Construction Industry Computing Association (CICA). Outlines the services available to chartered surveyors.
650 _aCONSTRUCTION INDUSTRY COMPUTING ASSOCIATION
650 _aRICS
690 _aMANAGEMENT-BUSINESS MANAGEMENT-INFORMATION MANAGEMENT
942 _n0
948 _c04/03/1997
999 _c332
_d332